[Event "VIII CAMPEONATO CONTINENTAL DE LAS AMERI"]
[Site "Hotel Casa Campestre - Cochaba"]
[Date "2013.05.09"]
[Round "3"]
[White "Sarkar, Justin"]
[Black "Granda Zuniga, Julio E"]
[Result "0-1"]
[WhiteElo "2437"]
[BlackElo "2659"]
[PlyCount "52"]
[EventDate "2013.05.07"]
[EventRounds "11"]
[EventCountry "BOL"]

1. d4 Nf6 2. c4 e6 3. Nc3 c5 4. d5 exd5 5. cxd5 d6 6. Nf3 g6 7. Bf4 a6 8. a4
Qe7 9. Nd2 Nh5 10. Be3 Nd7 11. Nc4 Ne5 12. Nb6 Rb8 13. Qd2 Bg7 14. h3 f5 15. g4
f4 16. gxh5 Bh6 17. Nd1 O-O 18. Nxc8 Rbxc8 19. hxg6 fxe3 20. gxh7+ Kh8 21. Nxe3
Rxf2 22. Qc3 Qh4 23. Kd1 Rcf8 24. Ng4 Rxf1+ 25. Kc2 Rxh1 26. Rxh1 Bg7 0-1

[Event "VIII CAMPEONATO CONTINENTAL DE LAS AMERI"]
[Site "Hotel Casa Campestre - Cochaba"]
[Date "2013.05.09"]
[Round "3"]
[White "Prasca Sosa, Rafael"]
[Black "Ortiz Suarez, Isan Reynaldo"]
[Result "0-1"]
[WhiteElo "2426"]
[BlackElo "2598"]
[PlyCount "108"]
[EventDate "2013.05.07"]
[EventRounds "11"]
[EventCountry "BOL"]

1. e4 c5 2. Nf3 e6 3. Nc3 a6 4. d4 cxd4 5. Nxd4 Qc7 6. g3 Bb4 7. Bd2 Nc6 8. Nb3
Nf6 9. Bg2 Be7 10. f4 d6 11. a4 b6 12. O-O O-O 13. g4 Nd7 14. g5 Re8 15. Rf3
Bb7 16. Rh3 Nf8 17. Ne2 f6 18. gxf6 Bxf6 19. Bc3 Qe7 20. Ng3 Bxc3 21. bxc3 Rad8
22. Rb1 Nb8 23. Nh5 g6 24. Ng3 Nbd7 25. Na5 Ba8 26. Nc4 d5 27. exd5 Bxd5 28.
Bxd5 Nf6 29. Nxb6 Nxd5 30. Nxd5 Rxd5 31. Qe1 Qc5+ 32. Kh1 Qc6 33. Kg1 Red8 34.
Ne4 Rf5 35. Rd3 Rdd5 36. Qe3 Qxa4 37. Rb8 Qxc2 38. Rxd5 exd5 39. Ng5 Qd1+ 40.
Kf2 Qg4 41. Ne6 Qh4+ 42. Qg3 Qe7 43. Qe3 Qh4+ 44. Qg3 Qh5 45. Ra8 Rf6 46. Nxf8
Rxf8 47. Rxa6 Qf5 48. Qf3 Re8 49. Rd6 Re4 50. Kg3 g5 51. Kg2 gxf4 52. Kf2 Re5
53. Qd1 Qh3 54. Qg1+ Kf7 0-1

[Event "VIII CAMPEONATO CONTINENTAL DE LAS AMERI"]
[Site "Hotel Casa Campestre - Cochaba"]
[Date "2013.05.09"]
[Round "3"]
[White "Flores, Diego"]
[Black "Pacheco, Marco"]
[Result "1/2-1/2"]
[WhiteElo "2586"]
[BlackElo "2384"]
[PlyCount "99"]
[EventDate "2013.05.07"]
[EventRounds "11"]
[EventCountry "BOL"]

1. c4 e5 2. g3 Nf6 3. Bg2 Nc6 4. Nc3 Bb4 5. Nd5 O-O 6. Nxb4 Nxb4 7. d3 d5 8.
cxd5 Nbxd5 9. Nf3 Re8 10. O-O Bg4 11. h3 Bxf3 12. Bxf3 c6 13. b3 Qd6 14. Bb2
Rad8 15. Qc2 c5 16. a3 b6 17. Bg2 a5 18. Rad1 h6 19. e3 Qe6 20. Rfe1 Qd7 21.
Qc4 Re6 22. Kh2 Qd6 23. Rc1 Ree8 24. Red1 Nh7 25. e4 Ne7 26. b4 cxb4 27. axb4
Rc8 28. Qb5 Qxb4 29. Qxb4 axb4 30. Bxe5 Nc6 31. Bd6 b3 32. d4 Na5 33. Bb4 Rc2
34. Rb1 Ng5 35. e5 Rec8 36. f4 Ne4 37. Bxa5 bxa5 38. Rxb3 a4 39. Re3 Nc3 40.
Ra1 Rb8 41. Kh1 a3 42. Rxa3 Rb1+ 43. Kh2 Rbb2 44. Raxc3 Rxg2+ 45. Kh1 Rh2+ 46.
Kg1 Rbg2+ 47. Kf1 Rb2 48. Kg1 Rbg2+ 49. Kf1 Rb2 50. Kg1 1/2-1/2

[Event "VIII CAMPEONATO CONTINENTAL DE LAS AMERI"]
[Site "Hotel Casa Campestre - Cochaba"]
[Date "2013.05.09"]
[Round "3"]
[White "Leiva, Giuseppe"]
[Black "Lenderman, Aleksandr"]
[Result "1-0"]
[WhiteElo "2388"]
[BlackElo "2585"]
[PlyCount "173"]
[EventDate "2013.05.07"]
[EventRounds "11"]
[EventCountry "BOL"]

1. d4 Nf6 2. Nf3 g6 3. Bg5 Bg7 4. Nbd2 O-O 5. c3 d6 6. e4 c5 7. d5 h6 8. Bh4
Bg4 9. Qc2 a6 10. a4 Nbd7 11. a5 e6 12. dxe6 Bxe6 13. Be2 Qc7 14. O-O Nh5 15.
Bc4 Rae8 16. Rfe1 g5 17. Bg3 Nxg3 18. hxg3 g4 19. Nh4 Ne5 20. Bd5 c4 21. Nf1
Nd3 22. Re2 Bf6 23. Ne3 Bxh4 24. gxh4 h5 25. Ra4 Ne5 26. Qd2 Qe7 27. Nxc4 Bxd5
28. Qxd5 Qxh4 29. Re3 Re6 30. Rb4 Nxc4 31. Qxc4 Qe7 32. Qd5 Re5 33. Qxb7 Qxb7
34. Rxb7 Rxa5 35. Rb6 Rd8 36. Rd3 Re8 37. Rd4 h4 38. Kh2 Rg5 39. Rbxd6 g3+ 40.
Kg1 Kg7 41. Kf1 Ra5 42. fxg3 hxg3 43. Ke2 Rf5 44. Ke3 Rf2 45. Rd2 Rf1 46. Rd1
Rf2 47. R6d2 Rf6 48. Rd5 Rf2 49. R1d2 Rf1 50. Rg5+ Kf8 51. Rxg3 Re1+ 52. Kd3
R1xe4 53. Rg5 R8e6 54. Rf2 Re1 55. Rgf5 Re7 56. Kc2 Rg1 57. Rf6 Ra7 58. b4 Kg7
59. Rb6 Ra1 60. Kb3 Rc1 61. Rc6 Ra1 62. Kc4 Ra3 63. Rf5 Ra2 64. Rg5+ Kf8 65.
Ra5 Rxg2 66. Raxa6 Re7 67. b5 Rb2 68. b6 Kg7 69. Kc5 Re1 70. Ra4 Rb3 71. Kc4
Rxc3+ 72. Kxc3 Rc1+ 73. Kb4 Rxc6 74. Kb5 Rc8 75. b7 Rb8 76. Kc6 Kf6 77. Kc7
Rxb7+ 78. Kxb7 Ke5 79. Kc6 f5 80. Kc5 f4 81. Kc4 Ke4 82. Kc3+ Ke3 83. Kc2 f3
84. Kd1 Kf2 85. Kd2 Kg2 86. Ke3 f2 87. Ra2 1-0

[Event "VIII CAMPEONATO CONTINENTAL DE LAS AMERI"]
[Site "Hotel Casa Campestre - Cochaba"]
[Date "2013.05.09"]
[Round "3"]
[White "Vasquez Schroeder, Rodrigo"]
[Black "Cornejo, Max"]
[Result "0-1"]
[WhiteElo "2554"]
[BlackElo "2380"]
[PlyCount "90"]
[EventDate "2013.05.07"]
[EventRounds "11"]
[EventCountry "BOL"]

1. c4 e6 2. d4 Nf6 3. Nf3 d5 4. e3 c5 5. Nc3 Nc6 6. a3 a6 7. dxc5 Bxc5 8. b4
Ba7 9. Bb2 O-O 10. Qc2 Qe7 11. Be2 h6 12. O-O dxc4 13. Bxc4 b5 14. Ba2 Bb7 15.
Rac1 Bb8 16. Ne2 Rd8 17. Bb1 Bd6 18. Nf4 Bxf4 19. exf4 Rac8 20. Qe2 Qd6 21. Ne5
Nd4 22. Qd3 Qd5 23. f3 Nf5 24. Rxc8 Rxc8 25. Kf2 Qd6 26. Qxd6 Nxd6 27. Bd3 Nd5
28. g3 Nc4 29. Bxc4 bxc4 30. Bd4 c3 31. Rc1 f6 32. Nd3 Rc4 33. Be3 c2 34. Nc5
Bc6 35. Ke2 Bb5 36. Kd2 Rc3 37. Bd4 Rxa3 38. Rxc2 Nxb4 39. Rb2 Nd5 40. Ne4 Rxf3
41. Nc5 Nb6 42. Nxa6 Nc4+ 43. Ke2 Re3+ 44. Kf2 Nxb2 45. Bxe3 Bxa6 0-1

[Event "VIII CAMPEONATO CONTINENTAL DE LAS AMERI"]
[Site "Hotel Casa Campestre - Cochaba"]
[Date "2013.05.09"]
[Round "3"]
[White "Perez Garcia, Rodney Oscar"]
[Black "Cori, Jorge"]
[Result "1/2-1/2"]
[WhiteElo "2381"]
[BlackElo "2546"]
[PlyCount "128"]
[EventDate "2013.05.07"]
[EventRounds "11"]
[EventCountry "BOL"]

1. e4 c5 2. Nf3 Nc6 3. Bb5 d6 4. Bxc6+ bxc6 5. O-O g6 6. Re1 e5 7. c3 Bg7 8. d4
cxd4 9. cxd4 Bg4 10. dxe5 Bxe5 11. Nbd2 Be6 12. Nxe5 dxe5 13. b3 Ne7 14. Ba3
Qa5 15. Qc1 Rd8 16. Nf3 f6 17. Re3 Kf7 18. Bc5 Rd7 19. b4 Qa6 20. Ra3 Qe2 21.
Re3 Qc4 22. Qxc4 Bxc4 23. a4 Rhd8 24. h3 Nc8 25. Kh2 Rd3 26. Rc1 Bb3 27. a5 Ba4
28. h4 h5 29. Rxd3 Rxd3 30. Be3 Rb3 31. Bc5 Rb2 32. Kg3 Ke6 33. Ra1 Bc2 34. Re1
Bb3 35. Re3 Bc4 36. Ne1 Nd6 37. f4 exf4+ 38. Kxf4 a6 39. g3 Nf7 40. Nf3 Rf2 41.
Re1 Rf1 42. Rxf1 Bxf1 43. Nd4+ Kd7 44. Bf8 Ne5 45. Nf3 Ng4 46. Bc5 Bg2 47. Ne1
Bf1 48. Nf3 Be2 49. Nd4 Bd1 50. Bf8 Ne5 51. Bc5 Bg4 52. Nb3 g5+ 53. hxg5 Ng6+
54. Ke3 fxg5 55. Bd4 h4 56. gxh4 gxh4 57. Nc5+ Ke7 58. Kf2 Bc8 59. Nd3 Kd6 60.
Kf3 Be6 61. Bc5+ Kd7 62. Bd4 Kd6 63. Bc5+ Kd7 64. Bd4 Kd6 1/2-1/2

[Event "VIII CAMPEONATO CONTINENTAL DE LAS AMERI"]
[Site "Hotel Casa Campestre - Cochaba"]
[Date "2013.05.09"]
[Round "3"]
[White "Bachmann, Axel"]
[Black "Rios, Cristhian Camilo"]
[Result "1/2-1/2"]
[WhiteElo "2531"]
[BlackElo "2362"]
[PlyCount "68"]
[EventDate "2013.05.07"]
[EventRounds "11"]
[EventCountry "BOL"]

1. Nf3 Nf6 2. c4 e6 3. g3 b6 4. d4 Bb7 5. Bg2 Be7 6. O-O O-O 7. d5 exd5 8. Nh4
c6 9. cxd5 Nxd5 10. Nf5 Nc7 11. e4 d5 12. Re1 dxe4 13. Nc3 Nd5 14. Nxe4 Bc8 15.
Nxe7+ Qxe7 16. Ng5 Qf6 17. Bxd5 cxd5 18. Qxd5 Qc6 19. Qd3 Qg6 20. Qxg6 hxg6 21.
Bf4 Nc6 22. Bd6 Rd8 23. Bc7 Rf8 24. Rad1 Bf5 25. Rd6 Nb4 26. g4 Bxg4 27. Re4
Na6 28. Rxg4 Nxc7 29. Rd7 Ne8 30. Ra4 f6 31. Ne6 Rf7 32. Rad4 Rc8 33. Nf4 Rxd7
34. Rxd7 Rc7 1/2-1/2

[Event "VIII CAMPEONATO CONTINENTAL DE LAS AMERI"]
[Site "Hotel Casa Campestre - Cochaba"]
[Date "2013.05.09"]
[Round "3"]
[White "Ruiz C, Joshua D"]
[Black "Zambrana, Oswaldo"]
[Result "1-0"]
[WhiteElo "2370"]
[BlackElo "2478"]
[PlyCount "85"]
[EventDate "2013.05.07"]
[EventRounds "11"]
[EventCountry "BOL"]

1. e4 c5 2. Nf3 e6 3. d4 cxd4 4. Nxd4 Nc6 5. Nc3 Qc7 6. Be3 a6 7. Bd3 Nf6 8.
O-O Bd6 9. Nxc6 dxc6 10. f4 e5 11. f5 h5 12. h3 Qe7 13. Bg5 Bc5+ 14. Kh1 Bd4
15. Qe1 b5 16. Qh4 Bb7 17. a4 b4 18. Nd1 Rd8 19. a5 Rd6 20. Be2 Qc7 21. c3 Bc5
22. Ra4 bxc3 23. bxc3 Ba7 24. Nb2 c5 25. Nc4 Nxe4 26. Bf3 Bc6 27. Ra3 f6 28.
Be3 Ng5 29. Nxd6+ Qxd6 30. Bxc6+ Qxc6 31. Bxg5 fxg5 32. Qxg5 O-O 33. c4 Bb8 34.
Rg3 Rf7 35. Qg6 Qc7 36. f6 e4 37. Qxg7+ Rxg7 38. Rxg7+ Qxg7 39. fxg7 Bg3 40.
Rf8+ Kxg7 41. Re8 Be1 42. Rxe4 Bxa5 43. Re6 1-0

[Event "VIII CAMPEONATO CONTINENTAL DE LAS AMERI"]
[Site "Hotel Casa Campestre - Cochaba"]
[Date "2013.05.09"]
[Round "3"]
[White "Hambleton, Aman"]
[Black "Cuellar, Diego"]
[Result "1-0"]
[WhiteElo "2468"]
[BlackElo "2323"]
[PlyCount "85"]
[EventDate "2013.05.07"]
[EventRounds "11"]
[EventCountry "BOL"]

1. d4 d5 2. c4 c6 3. Nf3 Nf6 4. e3 Bf5 5. Nc3 e6 6. Nh4 Bg6 7. Nxg6 hxg6 8. Bd3
Nbd7 9. O-O Ne4 10. g3 Nd6 11. cxd5 cxd5 12. e4 dxe4 13. Nxe4 Nb6 14. Nxd6+
Bxd6 15. Bb5+ Kf8 16. Qf3 Rb8 17. Bd3 Kg8 18. Be4 Qd7 19. Bg5 Rh5 20. h4 Be7
21. Bf4 Bd6 22. Rac1 Nd5 23. Bg5 Be7 24. Bxe7 Qxe7 25. Rc5 b6 26. Rc4 Nf6 27.
Qf4 e5 28. dxe5 Rxe5 29. Bc2 Rd8 30. Bb3 b5 31. Rc6 a5 32. Rfc1 Re1+ 33. Kg2
Rxc1 34. Rxc1 a4 35. Bd1 Nd5 36. Qg5 Qxg5 37. hxg5 Nb4 38. Be2 Nxa2 39. Rc5 b4
40. Bc4 b3 41. Rc7 Kh7 42. Bxf7 Rb8 43. Rc4 1-0

[Event "VIII CAMPEONATO CONTINENTAL DE LAS AMERI"]
[Site "Hotel Casa Campestre - Cochaba"]
[Date "2013.05.09"]
[Round "3"]
[White "Cueto, Jonny"]
[Black "Gonzalez, Bernal"]
[Result "0-1"]
[WhiteElo "2263"]
[BlackElo "2461"]
[PlyCount "106"]
[EventDate "2013.05.07"]
[EventRounds "11"]
[EventCountry "BOL"]

1. d4 Nf6 2. Nf3 g6 3. Bf4 Bg7 4. e3 O-O 5. h3 d6 6. Be2 c5 7. dxc5 Qa5+ 8.
Nbd2 Qxc5 9. O-O Nc6 10. c3 h6 11. e4 Rd8 12. Qa4 Qa5 13. Qxa5 Nxa5 14. Rfd1
Nc6 15. Bh2 Be6 16. Nd4 Bd7 17. f4 Rac8 18. Bf3 Nxd4 19. cxd4 Rc2 20. e5 Ne8
21. b3 dxe5 22. fxe5 Bc6 23. Bxc6 Rxc6 24. Nf3 Nc7 25. Rac1 Rxc1 26. Rxc1 Nd5
27. Bg3 e6 28. Be1 Bf8 29. Bd2 Kg7 30. Kf1 Ba3 31. Rc2 g5 32. Ke2 Kg6 33. Kd3
Be7 34. Ke4 h5 35. Ne1 f5+ 36. exf6 Nxf6+ 37. Ke3 Nd5+ 38. Kd3 Kf5 39. Nf3 Bf6
40. Rc1 g4 41. hxg4+ hxg4 42. Ng1 Nb4+ 43. Bxb4 Rxd4+ 44. Ke3 Rxb4 45. Rf1+ Ke5
46. Ne2 Bg5+ 47. Kd3 Re4 48. Nc3 Rd4+ 49. Kc2 Rd2+ 50. Kb1 Rxg2 51. Re1+ Kf5
52. Nb5 Rd2 53. Nxa7 g3 0-1

[Event "VIII CAMPEONATO CONTINENTAL DE LAS AMERI"]
[Site "Hotel Casa Campestre - Cochaba"]
[Date "2013.05.09"]
[Round "3"]
[White "Cubas, Jose Fernando"]
[Black "Gutierrez, Carmelo"]
[Result "1-0"]
[WhiteElo "2550"]
[BlackElo "2253"]
[PlyCount "97"]
[EventDate "2013.05.07"]
[EventRounds "11"]
[EventCountry "BOL"]

1. e4 e6 2. d4 d5 3. e5 c5 4. c3 Bd7 5. Nf3 a6 6. a3 cxd4 7. cxd4 Bb5 8. Bd3
Bxd3 9. Qxd3 Nc6 10. O-O Qd7 11. Nbd2 a5 12. b3 Nge7 13. Nb1 Nc8 14. Nc3 Be7
15. Ra2 O-O 16. Ng5 Bxg5 17. Bxg5 h6 18. Bh4 Nb6 19. f4 a4 20. bxa4 Nxa4 21.
Raf2 Nxc3 22. Qxc3 Ra4 23. f5 exf5 24. Qg3 Kh7 25. Rxf5 Nxd4 26. R5f2 Ne6 27.
h3 d4 28. Qd3+ Kh8 29. Rf6 Ra6 30. Qf5 d3 31. Rxh6+ gxh6 32. Bf6+ Kg8 33. Rf4
Ra4 34. Rf3 Qd4+ 35. Kh1 Rc8 36. Rg3+ Kf8 37. Bg7+ Ke8 38. Bxh6 Qh4 39. Rg8+
Kd7 40. Qxf7+ Qe7 41. Qxe7+ Kxe7 42. Rxc8 Rxa3 43. Rc1 b5 44. Kh2 Nd4 45. Be3
Ne2 46. Rc6 Rc3 47. Rd6 Rc8 48. Bg5+ Ke8 49. e6 1-0

[Event "VIII CAMPEONATO CONTINENTAL DE LAS AMERI"]
[Site "Hotel Casa Campestre - Cochaba"]
[Date "2013.05.09"]
[Round "3"]
[White "Gemy, Jose Daniel"]
[Black "Mekhitarian, Krikor Sevag"]
[Result "0-1"]
[WhiteElo "2320"]
[BlackElo "2551"]
[PlyCount "94"]
[EventDate "2013.05.07"]
[EventRounds "11"]
[EventCountry "BOL"]

1. Nf3 d5 2. g3 Nc6 3. Bg2 e5 4. d3 Nf6 5. O-O Be7 6. c3 a5 7. Qc2 O-O 8. e4
dxe4 9. dxe4 Bc5 10. h3 Qe7 11. Nbd2 b5 12. Re1 Be6 13. Nf1 h6 14. Ne3 Rfd8 15.
Nh4 g6 16. Kh2 Kh7 17. Bf3 a4 18. Rd1 Na5 19. Nd5 Bxd5 20. exd5 e4 21. Bg2 Nc4
22. Rb1 Ne5 23. Bxe4 Neg4+ 24. hxg4 Qxe4 25. Qxe4 Nxe4 26. f3 Nf6 27. g5 Rxd5
28. Be3 Bxe3 29. gxf6 Rad8 30. Rxd5 Rxd5 31. Re1 Bc5 32. f4 g5 33. fxg5 hxg5
34. Nf3 Bd6 35. Kh3 Kg6 36. Kg4 Kxf6 37. Re8 Rc5 38. Nd4 b4 39. Re3 a3 40. bxa3
bxc3 41. Nc2 Rc4+ 42. Kf3 Kf5 43. Rd3 Ke6 44. Re3+ Be5 45. g4 Rf4+ 46. Kg3 f6
47. Re2 Kd5 0-1

[Event "VIII CAMPEONATO CONTINENTAL DE LAS AMERI"]
[Site "Hotel Casa Campestre - Cochaba"]
[Date "2013.05.09"]
[Round "3"]
[White "Iturrizaga, Eduardo"]
[Black "Martinez Alcantara, Jose Eduar"]
[Result "1-0"]
[WhiteElo "2655"]
[BlackElo "2208"]
[PlyCount "73"]
[EventDate "2013.05.07"]
[EventRounds "11"]
[EventCountry "BOL"]

1. Nf3 Nf6 2. c4 c5 3. Nc3 Nc6 4. d4 cxd4 5. Nxd4 e6 6. a3 Qb6 7. Ndb5 d6 8.
Nxd6+ Bxd6 9. Qxd6 Nd4 10. Qxb6 axb6 11. Rb1 e5 12. e4 Be6 13. Bd3 O-O 14. Be3
Nd7 15. Nd5 Nc5 16. Rd1 b5 17. cxb5 Bxd5 18. exd5 Nxd3+ 19. Rxd3 Rfd8 20. Bxd4
Rxd5 21. Kd2 exd4 22. Rb3 Ra5 23. Rc1 g5 24. Rc7 Raxb5 25. Rxb7 Rbc5 26. Rf3
Rf5 27. Rxf5 Rxf5 28. f3 g4 29. fxg4 Rf2+ 30. Kd3 Rxg2 31. a4 Rxg4 32. a5 Rg1
33. a6 Rd1+ 34. Kc4 d3 35. a7 d2 36. a8=Q+ Kg7 37. Rxf7+ 1-0

[Event "VIII CAMPEONATO CONTINENTAL DE LAS AMERI"]
[Site "Hotel Casa Campestre - Cochaba"]
[Date "2013.05.09"]
[Round "3"]
[White "Medrano, Mario"]
[Black "Ynojosa, Felix Jose"]
[Result "0-1"]
[WhiteElo "2085"]
[BlackElo "2371"]
[PlyCount "110"]
[EventDate "2013.05.07"]
[EventRounds "11"]
[EventCountry "BOL"]

1. e4 c5 2. Nf3 Nc6 3. d4 cxd4 4. Nxd4 e5 5. Nb5 d6 6. N1c3 a6 7. Na3 b5 8. Nd5
Nge7 9. Bg5 Rb8 10. c4 b4 11. Nc2 h6 12. Bxe7 Nxe7 13. Nce3 Nc6 14. Bd3 Be7 15.
O-O O-O 16. b3 Bg5 17. g3 Bxe3 18. fxe3 Qg5 19. Rf2 Nd8 20. Qf3 Ne6 21. h4 Qd8
22. Raf1 Nc5 23. Bc2 Bh3 24. Re1 Qd7 25. Kh2 Bg4 26. Qg2 a5 27. Rff1 Rb7 28.
Bd1 Bxd1 29. Rxd1 Qg4 30. Qf3 Qxf3 31. Rxf3 Nxe4 32. Rff1 Ra8 33. Ra1 a4 34.
Kg2 axb3 35. axb3 Ra3 36. Rxa3 bxa3 37. b4 Nd2 38. Rc1 a2 39. Ra1 Nxc4 40. Rxa2
Nb6 41. Ra5 Nxd5 42. Rxd5 Rxb4 43. Rxd6 h5 44. Rd2 Kh7 45. Kf3 Rb3 46. Re2 Kg6
47. Rc2 Kf5 48. Rc4 f6 49. Ra4 g5 50. hxg5 fxg5 51. Ra2 e4+ 52. Kf2 Kg4 53. Re2
Kh3 54. Rd2 g4 55. Re2 h4 0-1

[Event "VIII CAMPEONATO CONTINENTAL DE LAS AMERI"]
[Site "Hotel Casa Campestre - Cochaba"]
[Date "2013.05.09"]
[Round "3"]
[White "Cortes Orihuela, Javier"]
[Black "Principe, Alexander"]
[Result "0-1"]
[WhiteElo "2032"]
[BlackElo "2261"]
[PlyCount "180"]
[EventDate "2013.05.07"]
[EventRounds "11"]
[EventCountry "BOL"]

1. d4 Nf6 2. Nf3 g6 3. c4 Bg7 4. Nc3 O-O 5. g3 d6 6. Bg2 Nc6 7. O-O a6 8. Qd3
Bg4 9. e4 Bxf3 10. Bxf3 e5 11. d5 Nd4 12. Bg2 c5 13. dxc6 bxc6 14. Be3 Nd7 15.
Ne2 c5 16. Nc3 Rb8 17. Rab1 f5 18. Nd5 Kh8 19. Bxd4 cxd4 20. b4 Rf7 21. Rfc1
Bh6 22. f4 a5 23. a3 axb4 24. axb4 Rc8 25. Rc2 fxe4 26. Qxe4 exf4 27. gxf4 Bg7
28. Rbc1 Qf8 29. Re2 Nf6 30. Qxd4 Nxd5 31. Qxd5 Rxf4 32. Re4 Rf5 33. Qd2 Be5
34. Rce1 Qf6 35. Rf1 Rxf1+ 36. Bxf1 Rf8 37. Bg2 Bc3 38. Qe2 Bxb4 39. Re8 Bc5+
40. Kh1 Qa1+ 41. Bf1 Qf6 42. Rxf8+ Qxf8 43. Qb2+ Kg8 44. Bg2 h5 45. Bd5+ Kh7
46. Qb7+ Kh6 47. Qf7 Qh8 48. Qf4+ g5 49. Qf1 Be3 50. Kg2 Qb2+ 51. Kh1 Bf4 52.
Qg2 Qa1+ 53. Qg1 Qe5 54. Qf2 g4 55. Qg1 Be3 56. Qe1 Kg5 57. Bg2 Qd4 58. Qf1 Bf4
59. Qe2 Be5 60. Qf1 Bf4 61. Qe2 Be3 62. Qf1 Qe5 63. Qf7 Bf4 64. Qg8+ Kh4 65.
Qd8+ Bg5 66. Qb6 Qe2 67. Qd4 Qe1+ 68. Qg1 Qd2 69. Qf1 Bf4 70. Qa1 Qe3 71. Qf6+
Bg5 72. Qf5 Be7 73. Qf7 Qe5 74. Qf2+ Kg5 75. Qf7 Kh6 76. Qf2 Bf6 77. Qd2+ Bg5
78. Qf2 Bf4 79. Qg1 Kg5 80. Bd5 Qc3 81. Qf1 h4 82. Qg1 h3 83. Qa7 Qe1+ 84. Qg1
Qe2 85. Bc6 Qxc4 86. Bf3 Qe6 87. Bxg4 Qxg4 88. Qc5+ Qf5 89. Qg1+ Kh6 90. Qg5+
Bxg5 0-1

[Event "VIII CAMPEONATO CONTINENTAL DE LAS AMERI"]
[Site "Hotel Casa Campestre - Cochaba"]
[Date "2013.05.09"]
[Round "3"]
[White "Latorre, Matias"]
[Black "Cordero, Daniela"]
[Result "1/2-1/2"]
[WhiteElo "2254"]
[BlackElo "2074"]
[PlyCount "97"]
[EventDate "2013.05.07"]
[EventRounds "11"]
[EventCountry "BOL"]

1. Nf3 d6 2. e4 Nf6 3. Nc3 g6 4. d4 Bg7 5. Bc4 c6 6. a4 O-O 7. O-O d5 8. Bd3
dxe4 9. Nxe4 Bg4 10. c3 Qd5 11. Re1 Re8 12. Ned2 e6 13. Bc4 Bxf3 14. Qb3 Qd6
15. Nxf3 b6 16. g3 Nd5 17. Bf1 Nd7 18. c4 N5f6 19. Bf4 Qe7 20. a5 Nh5 21. Bd2
Qd6 22. Bc3 c5 23. Red1 Qc7 24. Bg2 Rac8 25. axb6 axb6 26. d5 e5 27. d6 Qd8 28.
Ra7 e4 29. Bxg7 Nxg7 30. Nd2 Ra8 31. Rxa8 Qxa8 32. Qb5 Nf6 33. Re1 Qb8 34. d7
Rd8 35. Nxe4 Nxd7 36. Ra1 Qc7 37. Ra6 Ne6 38. f4 f5 39. Nc3 Nd4 40. Qa4 Qd6 41.
Ra8 Rxa8 42. Qxa8+ Kg7 43. Qe8 Nf6 44. Qe5 Qxe5 45. fxe5 Nd7 46. Na4 Nxe5 47.
Nxb6 Kf6 48. Nd5+ Ke6 49. b4 1/2-1/2

[Event "VIII CAMPEONATO CONTINENTAL DE LAS AMERI"]
[Site "Hotel Casa Campestre - Cochaba"]
[Date "2013.05.09"]
[Round "3"]
[White "Rivas, Lucas"]
[Black "Aguilar, Andres"]
[Result "0-1"]
[WhiteElo "1987"]
[BlackElo "2233"]
[PlyCount "82"]
[EventDate "2013.05.07"]
[EventRounds "11"]
[EventCountry "BOL"]

1. d4 Nf6 2. Nf3 g6 3. Nc3 Bg7 4. e4 d6 5. Be2 O-O 6. O-O c6 7. a4 a5 8. h3 Na6
9. Be3 Nb4 10. Qd2 Qc7 11. Rad1 Re8 12. Ne1 e5 13. dxe5 dxe5 14. f4 exf4 15.
Bxf4 Qe7 16. Bd6 Nxe4 17. Nxe4 Qxe4 18. Bf3 Qe3+ 19. Qxe3 Rxe3 20. c3 Nd5 21.
Nc2 Re8 22. Bxd5 cxd5 23. Rxd5 Be6 24. Rd2 Bb3 25. Nd4 Bxa4 26. Rdf2 f5 27. Rd2
Bd7 28. Rfd1 Bh6 29. Rd3 Re4 30. Rf1 Rae8 31. Kh2 Re1 32. Rd1 R1e4 33. Rd3 a4
34. Kg3 Bg7 35. Rfd1 g5 36. Kh2 h5 37. Kg1 f4 38. Kf1 g4 39. hxg4 hxg4 40. R3d2
Bf6 41. Rf2 Bxd4 0-1

[Event "VIII CAMPEONATO CONTINENTAL DE LAS AMERI"]
[Site "Hotel Casa Campestre - Cochaba"]
[Date "2013.05.09"]
[Round "3"]
[White "Rojas Barrero, Andres Humberto"]
[Black "Monroy Carrizo, Javier"]
[Result "1-0"]
[WhiteElo "2227"]
[BlackElo "2053"]
[PlyCount "83"]
[EventDate "2013.05.07"]
[EventRounds "11"]
[EventCountry "BOL"]

1. e4 g6 2. d4 d6 3. Nc3 Bg7 4. Be3 b6 5. Qd2 Bb7 6. O-O-O a6 7. h4 h5 8. f3
Nd7 9. Nh3 c5 10. Kb1 Qc7 11. Ng5 Nh6 12. g3 O-O-O 13. Nd5 Bxd5 14. exd5 Kb7
15. c4 cxd4 16. Bxd4 Bxd4 17. Qxd4 Nf5 18. Qf4 Ne5 19. Rg1 Rc8 20. Rc1 Qc5 21.
Be2 Qf2 22. Rce1 Nd4 23. Rgf1 Nxe2 24. Rxf2 Nxf4 25. gxf4 Nd3 26. Rxe7+ Rc7 27.
Rfe2 Nxf4 28. Rxc7+ Kxc7 29. Re7+ Kb8 30. Rxf7 Ng2 31. Rd7 Nxh4 32. Rxd6 Kc7
33. Rc6+ Kb7 34. Rf6 Rg8 35. Rf7+ Kb8 36. d6 Nf5 37. d7 Nd4 38. Re7 Rd8 39. Nf7
Nc6 40. Re8 Kc7 41. Nxd8 Nxd8 42. Rg8 1-0

[Event "VIII CAMPEONATO CONTINENTAL DE LAS AMERI"]
[Site "Hotel Casa Campestre - Cochaba"]
[Date "2013.05.09"]
[Round "3"]
[White "Tapia, Mauricio"]
[Black "Kropff, Ricardo"]
[Result "0-1"]
[WhiteElo "1907"]
[BlackElo "2224"]
[PlyCount "114"]
[EventDate "2013.05.07"]
[EventRounds "11"]
[EventCountry "BOL"]

1. d4 Nf6 2. c4 e6 3. Nc3 Bb4 4. Qc2 c5 5. Nf3 cxd4 6. Nxd4 O-O 7. Bg5 h6 8.
Bh4 Nc6 9. e3 Qa5 10. Bxf6 gxf6 11. Bd3 Nxd4 12. exd4 b6 13. O-O Bxc3 14. bxc3
Ba6 15. Qd2 Rfc8 16. Qxh6 Qg5 17. Bh7+ Kh8 18. Qh3 Kg7 19. f4 Qh6 20. Qxh6+
Kxh6 21. Bc2 Bxc4 22. Rf3 f5 23. Kf2 Kg7 24. Bb3 d5 25. g4 fxg4 26. Rg1 Kf6 27.
Rxg4 Rh8 28. Bxc4 dxc4 29. Rg2 Rag8 30. Rxg8 Rxg8 31. Rg3 Rh8 32. h3 Rh5 33.
Re3 Ra5 34. Re2 Ra3 35. Rc2 Kf5 36. Ke3 b5 37. h4 b4 38. h5 Rxc3+ 39. Rxc3 bxc3
40. Ke2 Kf6 41. Kd1 Kg7 42. Kc2 Kh6 43. Kxc3 Kxh5 44. f5 exf5 45. d5 Kg6 46.
Kxc4 Kf6 47. Kd4 f4 48. Ke4 f3 49. Kxf3 Ke5 50. Kg4 Kxd5 51. Kf5 Kc4 52. Kf6
Kb4 53. Kxf7 Ka3 54. Ke7 Kxa2 55. Kd6 a5 56. Kc5 Kb3 57. Kb5 a4 0-1

[Event "VIII CAMPEONATO CONTINENTAL DE LAS AMERI"]
[Site "Hotel Casa Campestre - Cochaba"]
[Date "2013.05.09"]
[Round "3"]
[White "Cornejo P, Guillermo"]
[Black "Borda, Carla"]
[Result "1-0"]
[WhiteElo "2222"]
[BlackElo "1950"]
[PlyCount "129"]
[EventDate "2013.05.07"]
[EventRounds "11"]
[EventCountry "BOL"]

1. e4 c6 2. Nc3 d5 3. Nf3 dxe4 4. Nxe4 Bf5 5. Ng3 Bg6 6. h4 h6 7. Ne5 Qd6 8. d4
Nd7 9. Nxg6 Qxg6 10. Bd3 Qd6 11. Be3 Ngf6 12. c4 Qb4+ 13. Qd2 e6 14. O-O-O
Qxd2+ 15. Bxd2 Bd6 16. Ne4 Nxe4 17. Bxe4 Nf6 18. Bf3 O-O-O 19. Bc3 c5 20. Kb1
Rhg8 21. Rhe1 Nd7 22. d5 e5 23. Bg4 Rde8 24. Re2 g6 25. h5 gxh5 26. Bh3 Kd8 27.
Rde1 f6 28. Re4 Nf8 29. Rh4 Ng6 30. Rxh5 Rh8 31. g3 Re7 32. Bf5 Rg7 33. Reh1
Ne7 34. Be6 Rgh7 35. Bd2 a6 36. Kc2 Ke8 37. a3 Kd8 38. b4 b6 39. Be3 Kc7 40.
Kb3 Kb7 41. Rxh6 Rxh6 42. Rxh6 Rxh6 43. Bxh6 Nc8 44. bxc5 bxc5 45. Bg7 Be7 46.
Bxc8+ Kxc8 47. f3 Kb7 48. g4 Kc7 49. Ka4 Kb7 50. d6 Bd8 51. Bf8 Kc6 52. Be7 Bb6
53. Kb3 Kd7 54. Bxf6 Kxd6 55. Kc2 Ke6 56. Bg5 Bc7 57. Kd3 Ba5 58. Ke3 Bb6 59.
Ke4 Ba7 60. Bd2 Bb8 61. Bc3 Bd6 62. g5 Be7 63. g6 Bf6 64. f4 exf4 65. g7 1-0

[Event "VIII CAMPEONATO CONTINENTAL DE LAS AMERI"]
[Site "Hotel Casa Campestre - Cochaba"]
[Date "2013.05.09"]
[Round "3"]
[White "Avila, Carlos"]
[Black "Campero, Ronald"]
[Result "0-1"]
[WhiteElo "1848"]
[BlackElo "2211"]
[PlyCount "56"]
[EventDate "2013.05.07"]
[EventRounds "11"]
[EventCountry "BOL"]

1. e4 e5 2. Nf3 Nc6 3. d4 exd4 4. Nxd4 Bc5 5. Be3 Qf6 6. c3 Nge7 7. Bc4 b6 8.
O-O Bb7 9. Nb5 O-O-O 10. Bxc5 bxc5 11. Nd2 Kb8 12. f4 d5 13. exd5 Nxd5 14. Ne4
Qf5 15. Ng3 Qd7 16. Ne4 Ne3 17. Qb3 Na5 18. Nxc5 Qc6 19. Na6+ Qxa6 20. Nxc7
Qxc4 21. Qxc4 Naxc4 22. Na6+ Bxa6 23. b3 Nxf1 24. bxc4 Ne3 25. Rb1+ Kc7 26. Rb2
Rhe8 27. Rf2 Rd1+ 28. Rf1 Rxf1# 0-1